Pętle tramwajowe w Gdańsku - Statystyki

Ogólne statystyki
  • Ten quiz został rozwiązany 195 razy
  • Średni wynik to 12 z 18
Statystyki odpowiedzi
Linie Pętla % Poprawnych
5 Oliwa
89%
8 Stogi
89%
2, 4, 6, 8 Jelitkowo
86%
3, 6, 7 Łostowice Świętokrzyska
82%
2, 4, 11 Lawendowe Wzgórze
79%
12 Zaspa
78%
9, 11 Strzyża PKM
76%
10 Brętowo PKM
75%
12 Ujeścisko
74%
3 Brzeźno Dom Zdrojowy
69%
9 Stogi Plaża
69%
5, 7 Nowy Port Oliwska
56%
nieużywana liniowo Chełm Witosa
53%
nieużywana liniowo Siedlce
50%
nieużywana liniowo Przeróbka
48%
nieużywana liniowo Brzeźno Plaża
47%
10 Nowy Port Góreckiego
36%
nieużywana linowo Węzeł Kliniczna
29%
Nie znaleziono quizów pasujących do podanych kryteriów
Rozkład punktacji
Procent ludzi z każdym wynikiem
Percentyl według liczby udzielonych odpowiedzi
Twoja historia wyników
Nie rozwiązałeś tego quizu